Formation and Maintenance of Market Structure

Guardado en:
Detalles Bibliográficos
Autor principal: Brunila, Anne
Formato: Libro
Lenguaje:inglés
Publicado: Helsinki School of Economics 1989
Edición:1. ed.
Etiquetas: Agregar Etiqueta
Sin Etiquetas, Sea el primero en etiquetar este registro!

MARC

LEADER 00000nam a2200000 4500
001 c027723
005 20221215113815.2
041 0 |a eng 
044 |a FI 
245 1 0 |a Formation and Maintenance of Market Structure  |c Anne Brunila 
250 |a 1. ed. 
264 1 |a Helsinki  |b School of Economics  |c 1989 
300 |a 114 s. 
100 1 |a Brunila, Anne